[Event "Oberliga Ost A 2023 2024"]
[Site "?"]
[Date "2024.03.17"]
[Round "9.6"]
[Board "1"]
[White "Dahl, Christoph"]
[Black "Mazur, Stefan"]
[Result "1-0"]
[WhiteElo "2367"]
[BlackElo "2443"]
[PlyCount "107"]
[EventDate "2023.10.22"]
[EventType "team-tourn"]
[EventCountry "GER"]
[WhiteTeam "Dresden SG Gruen Weiss"]
[BlackTeam "Reichenbrand SV Eiche"]
[WhiteTeamCountry "GER"]
[BlackTeamCountry "GER"]

1. d4 Nf6 2. c4 e6 3. Nc3 d5 4. cxd5 exd5 5. Bg5 c6 6. e3 Be7 7. Bd3 O-O 8. Nge2 Re8 9. Qc2 Nbd7 10. O-O Nf8 11. Rad1 Nh5 12. Bxe7 Qxe7 13. Rfe1 Bg4 14. Bf5 Bxf5 15. Qxf5 g6 16. Qc2 f5 17. Nc1 f4 18. Nd3 fxe3 19. fxe3 Nf6 20. e4 dxe4 21. Nxe4 Nxe4 22. Nc5 Qh4 23. Nxe4 Rad8 24. g3 Qe7 25. Qf2 Kg7 26. Nc5 Qf6 27. Qxf6+ Kxf6 28. Rxe8 Rxe8 29. Nxb7 Re2 30. Rf1+ Ke7 31. Rf2 Re1+ 32. Kg2 Ne6 33. Rd2 Re4 34. Na5 Kd6 35. Nxc6 Kxc6 36. d5+ Kd6 37. dxe6+ Kxe6 38. Kf3 Rb4 39. Ke3 h5 40. Kd3 h4 41. Kc3 Ra4 42. b3 Re4 43. gxh4 Rxh4 44. b4 Rh3+ 45. Kc4 Ra3 46. b5 Ra4+ 47. Kb3 Rh4 48. a4 g5 49. a5 Ke7 50. Kc3 Ra4 51. b6 Rxa5 52. b7 Rc5+ 53. Kb4 Rc1 54. Rb2 1-0

[Event "Oberliga Ost A 2023 2024"]
[Site "?"]
[Date "2024.03.17"]
[Round "9.6"]
[Board "2"]
[White "Bures, Jaroslav"]
[Black "Rudolf, Sebastian"]
[Result "1-0"]
[WhiteElo "2407"]
[BlackElo "2304"]
[PlyCount "83"]
[EventDate "2023.10.22"]
[EventType "team-tourn"]
[EventCountry "GER"]
[WhiteTeam "Reichenbrand SV Eiche"]
[BlackTeam "Dresden SG Gruen Weiss"]
[WhiteTeamCountry "GER"]
[BlackTeamCountry "GER"]

1. e4 c6 2. d4 d5 3. e5 Bf5 4. h4 Qc7 5. c4 e6 6. Nc3 h6 7. Be3 dxc4 8. Bxc4 Nd7 9. g4 Bh7 10. f4 Ne7 11. Rc1 Nb6 12. Bb3 Qd7 13. Qf3 h5 14. gxh5 O-O-O 15. Nge2 Kb8 16. a3 Nbd5 17. Bf2 Nxc3 18. bxc3 c5 19. Rd1 Qc6 20. Qxc6 Nxc6 21. dxc5 Rxd1+ 22. Bxd1 Ne7 23. Rg1 Bd3 24. Nd4 Nd5 25. Kd2 Bc4 26. f5 Nf4 27. Be3 Nd5 28. fxe6 Nxe3 29. Kxe3 fxe6 30. Bf3 Bxc5 31. Rxg7 b5 32. Kf4 Kc8 33. Kg5 a5 34. h6 Bf8 35. Bb7+ Kd8 36. Nc6+ Ke8 37. Nxa5 Be7+ 38. Rxe7+ Kxe7 39. Nxc4 Rg8+ 40. Kh5 bxc4 41. h7 Rf8 42. Kg6 1-0

[Event "Oberliga Ost A 2023 2024"]
[Site "?"]
[Date "2024.03.17"]
[Round "9.6"]
[Board "3"]
[White "Zwahr, Paul"]
[Black "Fuchs, Florian"]
[Result "1/2-1/2"]
[WhiteElo "2278"]
[BlackElo "2309"]
[PlyCount "55"]
[EventDate "2023.10.22"]
[EventType "team-tourn"]
[EventCountry "GER"]
[WhiteTeam "Dresden SG Gruen Weiss"]
[BlackTeam "Reichenbrand SV Eiche"]
[WhiteTeamCountry "GER"]
[BlackTeamCountry "GER"]

1. e4 e5 2. Nf3 Nc6 3. Bb5 a6 4. Ba4 Nf6 5. O-O b5 6. Bb3 Be7 7. Re1 d6 8. c3 O-O 9. h3 Nb8 10. d4 Nbd7 11. Nbd2 Bb7 12. Bc2 Re8 13. Nf1 Bf8 14. Ng3 g6 15. Bd2 Bg7 16. Qc1 d5 17. Bg5 dxe4 18. Bxe4 Bxe4 19. Nxe4 exd4 20. cxd4 Qc8 21. Nxf6+ Nxf6 22. Rxe8+ Nxe8 23. Qc6 Nd6 24. Rc1 Nf5 25. Bf6 Bxf6 26. Qxf6 Qd8 27. Qxd8+ Rxd8 28. Rxc7 1/2-1/2

[Event "Oberliga Ost A 2023 2024"]
[Site "?"]
[Date "2024.03.17"]
[Round "9.6"]
[Board "4"]
[White "Fischer, Edwin"]
[Black "Kitze, Alexander"]
[Result "0-1"]
[WhiteElo "2190"]
[BlackElo "2299"]
[PlyCount "66"]
[EventDate "2023.10.22"]
[EventType "team-tourn"]
[EventCountry "GER"]
[WhiteTeam "Reichenbrand SV Eiche"]
[BlackTeam "Dresden SG Gruen Weiss"]
[WhiteTeamCountry "GER"]
[BlackTeamCountry "GER"]

1. d4 Nf6 2. Nf3 g6 3. g3 Bg7 4. Bg2 d5 5. O-O O-O 6. Bf4 c5 7. dxc5 Nbd7 8. c4 Nxc5 9. cxd5 Qxd5 10. Nc3 Qh5 11. Be3 Ng4 12. Bxc5 Qxc5 13. h3 Nf6 14. Rc1 Qb4 15. Qb3 a5 16. Rfd1 Be6 17. Qc2 Bf5 18. Qb3 Rfd8 19. Ne5 Be6 20. Qc2 Rac8 21. Nd3 Qb6 22. Nf4 Rxd1+ 23. Rxd1 Bxa2 24. Qd2 Bb3 25. Nfd5 Nxd5 26. Nxd5 Qc5 27. Ra1 e6 28. Nf4 b6 29. Qd7 Qc7 30. Qd3 Qc2 31. Qa6 Bxb2 32. Be4 Qc4 33. Qxc4 Rxc4 0-1

[Event "Oberliga Ost A 2023 2024"]
[Site "?"]
[Date "2024.03.17"]
[Round "9.6"]
[Board "5"]
[White "Genkin, Michael"]
[Black "Laemmel, Sebastian"]
[Result "1-0"]
[WhiteElo "2241"]
[BlackElo "2187"]
[PlyCount "81"]
[EventDate "2023.10.22"]
[EventType "team-tourn"]
[EventCountry "GER"]
[WhiteTeam "Dresden SG Gruen Weiss"]
[BlackTeam "Reichenbrand SV Eiche"]
[WhiteTeamCountry "GER"]
[BlackTeamCountry "GER"]

1. c4 e6 2. d4 Nf6 3. Nc3 Bb4 4. Qb3 c5 5. Nf3 d5 6. e3 O-O 7. cxd5 exd5 8. Be2 Nc6 9. dxc5 Bxc5 10. O-O a6 11. Rd1 Be6 12. Nd4 Qc7 13. Nxe6 fxe6 14. Bd2 Kh8 15. Rac1 Ba7 16. Be1 Rad8 17. Qa4 d4 18. Nb5 axb5 19. Qxa7 d3 20. Bf3 d2 21. Rxc6 Qf7 22. Rc2 dxe1=Q+ 23. Rxe1 Nd5 24. Rd2 Ra8 25. Qc5 Rxa2 26. Qxb5 Ra6 27. Bxd5 exd5 28. Qxd5 Qxd5 29. Rxd5 Rb6 30. Rd2 h6 31. h3 Ra8 32. g4 Ra2 33. Ree2 Ra1+ 34. Kg2 Rc6 35. Rc2 Rca6 36. Red2 Re1 37. Rc8+ Kh7 38. Rc7 Raa1 39. Rdd7 Rh1 40. Rxg7+ Kh8 41. Rgd7 1-0

[Event "Oberliga Ost A 2023 2024"]
[Site "?"]
[Date "2024.03.17"]
[Round "9.6"]
[Board "6"]
[White "Kyas, Juergen"]
[Black "Siedentopf, Daniel"]
[Result "1/2-1/2"]
[WhiteElo "2181"]
[BlackElo "2225"]
[PlyCount "59"]
[EventDate "2023.10.22"]
[EventType "team-tourn"]
[EventCountry "GER"]
[WhiteTeam "Reichenbrand SV Eiche"]
[BlackTeam "Dresden SG Gruen Weiss"]
[WhiteTeamCountry "GER"]
[BlackTeamCountry "GER"]

1. e4 e5 2. Bc4 Nf6 3. d3 c6 4. Nf3 d5 5. Bb3 a5 6. a4 Bb4+ 7. c3 Bd6 8. exd5 cxd5 9. Bg5 Be6 10. Na3 Nbd7 11. Nb5 Bb8 12. O-O O-O 13. Re1 Re8 14. d4 e4 15. Nd2 h6 16. Bh4 Bf4 17. Bg3 Bxg3 18. hxg3 Nb6 19. Nf1 Qd7 20. Rc1 Rac8 21. Na7 Rcd8 22. Nb5 Re7 23. Ne3 Ng4 24. Qd2 Nxe3 25. fxe3 Rc8 26. Rf1 Qd8 27. Qf2 Rc6 28. Na7 Rcc7 29. Nb5 Rc6 30. Na7 1/2-1/2

[Event "Oberliga Ost A 2023 2024"]
[Site "?"]
[Date "2024.03.17"]
[Round "9.6"]
[Board "7"]
[White "Kaiser, Dieter"]
[Black "Kapp, Martin"]
[Result "1-0"]
[WhiteElo "2207"]
[BlackElo "2189"]
[PlyCount "79"]
[EventDate "2023.10.22"]
[EventType "team-tourn"]
[EventCountry "GER"]
[WhiteTeam "Dresden SG Gruen Weiss"]
[BlackTeam "Reichenbrand SV Eiche"]
[WhiteTeamCountry "GER"]
[BlackTeamCountry "GER"]

1. e4 e6 2. d4 d5 3. e5 c5 4. c3 Nc6 5. Nf3 Qb6 6. Bd3 Bd7 7. dxc5 Bxc5 8. O-O a5 9. Qe2 Nge7 10. Nbd2 Qa7 11. h4 h5 12. Ng5 g6 13. Ndf3 Ng8 14. Bf4 Nh6 15. Qd2 Ng4 16. g3 Ne7 17. b4 Bb6 18. b5 Rc8 19. a4 Nxf2 20. Rxf2 Bxf2+ 21. Qxf2 Qxf2+ 22. Kxf2 Rxc3 23. Ne1 b6 24. Be3 Nc8 25. Bd4 Rc7 26. Ng2 O-O 27. Ne3 Rb7 28. g4 Ne7 29. Rg1 Kg7 30. gxh5 Rh8 31. hxg6 fxg6 32. Nf3 Be8 33. Ng4 Bf7 34. Nf6 Kf8 35. Bxb6 Rxb6 36. Nd7+ Kg7 37. Nxb6 Rd8 38. Rc1 Be8 39. Rc7 Kf8 40. Ng5 1-0

[Event "Oberliga Ost A 2023 2024"]
[Site "?"]
[Date "2024.03.17"]
[Round "9.6"]
[Board "8"]
[White "Sussbauer, Marco"]
[Black "Gehmlich, Marcel"]
[Result "1/2-1/2"]
[WhiteElo "1997"]
[BlackElo "2176"]
[PlyCount "28"]
[EventDate "2023.10.22"]
[EventType "team-tourn"]
[EventCountry "GER"]
[WhiteTeam "Reichenbrand SV Eiche"]
[BlackTeam "Dresden SG Gruen Weiss"]
[WhiteTeamCountry "GER"]
[BlackTeamCountry "GER"]

1. c4 Nf6 2. Nc3 c5 3. g3 e6 4. Nf3 b6 5. Bg2 Bb7 6. O-O Be7 7. d4 cxd4 8. Nxd4 Bxg2 9. Kxg2 a6 10. b3 Qc7 11. Bb2 O-O 12. Qd3 Nc6 13. Nxc6 Qxc6+ 14. Qf3 Rfd8 1/2-1/2